| 000 | 00542nam a2200181Ia 4500 | ||
|---|---|---|---|
| 003 | GCL | ||
| 008 | 140319s9999 xx 000 0 eng d | ||
| 040 |
_aGCL / _cGCL |
||
| 082 | 0 | 4 |
_a658.575 _bW R |
| 100 | 1 | _aWHEELWRIGHT, STEVEN C. | |
| 245 | 1 | 0 |
_aRevolutionizing Product Development: Quantum Leaps in Spees, Effiuency. and quality / _cWHEELWRIGHT, STEVEN C. |
| 700 | 1 | _aCLARK, KIM B. | |
| 260 |
_a[S.N] : _bTHE FREE PRESS ، _c1992 |
||
| 300 | _a364 P P | ||
| 650 | 0 | 4 | _aPRODUCT - MANAGEMENT |
| 650 | 0 | 4 | _aNEW PRODUCTS |
| 942 |
_2ddc _cBK |
||
| 999 |
_c16737 _d16737 |
||